LEADER 01420nam a2200325 a 4500 001 000000124863 003 CaOOAMICUS 005 20110330135730.0 008 110330s2010 it u000 u ita r 020 $a978-88-10-51083-4 040 $aPUL$bita 041 1 $aita$hger 082 04$a242 100 1 $aWolf, Notker,$cO.S.B.$0(OLS)http://pul/name/73547 240 10$aGott segne Sie!.$lItaliano.$0(OLS)http://pul/title/157426 245 10$aDio vi benedica! :$bnuove intuizioni per la vita di quaggiù /$cNotker Wolf con Leo G. Linder. 260 $aBologna :$bEDB,$c©2010. 300 $a159 p. ;$c21 cm 490 1 $aItinerari. Collana di spiritualità. Dottrina esperienze testimonianze 650 4$aMeditazioni.$0(OLS)http://pul/subject/581 700 1 $aLinder, Leo G.$0(OLS)http://pul/name/78881 830 0$aItinerari.$pCollana di spiritualità.$pDottrina esperienze testimonianze.$0(OLS)http://pul/title/157427 850 $aPUL 852 $aPUL$W1$xSL Religione 3$y85$m242 WOLNO 1$j143781$qDDC 21$B142794$CPULBib$Z2$F142794 $H116532 $82 941 1 $a9 996 $6020$a978-88-10-51083-4$9(OLS)http://pul/number/146812 996 $6082$a242$9(OLS)http://pul/classification/642 996 $6245$aDio vi benedica! :$bnuove intuizioni per la vita di quaggiù$9(OLS)http://pul/title/157425 996 $6260$aBologna :$bEDB$9(OLS)http://pul/publisher/56073 LEADER 01700namaa2200409 i 4500 001 000000177912 003 CaOOAMICUS 005 20250715143155.0 007 tu 008 250715s2025 it 000 u ita r 020 $a978-88-311-8282-9* 040 $aPUL$bita$erda 082 0 $a223.9 100 0 $aAponius,$dsec. V,$eautore.$0(OLS)http://pul/name/3544 245 10$aCommento al Cantico dei Cantici / $cAponio ; a cura di Luca Zambianchi . 264 4$c©2025. 264 1$aRoma :$bCittà Nuova,$c[2025] 300 $a476 pagine ;$c20 cm 336 $atesto$btxt$2rdacontent 337 $asenza mediazione$bn$2rdamedia 338 $avolume$bnc$2rdacarrier 490 1 $aCollana di testi patristici ;$v281 504 $aBibliografia in nota. 600 04$aAponius,$d sec. V$tExplanationes in Canticum Canticorum$xConcordanze.$0(OLS)http://pul/subject/37349 700 1 $aZambianchi, Luca,$csacerdote,$d1986-,$ecuratore.$0(OLS)http://pul/name/114218 830 0$aCollana di testi patristici ;$v281.$0(OLS)http://pul/title/17027 850 $aPUL 852 $aPUL$W1$xSL Cons. Gen., Altre Classi 1$y1$m2000 E 281$j201848$qStampati$B206895$CPULBib$Z2$F206895 $H137947 $82 900 $aApponius Exegeta,$dsec. V$93544 900 $aAponio,$dsec. V$93544 941 1 $a8 996 $6020$a978-88-311-8282-9*$9(OLS)http://pul/number/170490 996 $6082$a223.9$9(OLS)http://pul/classification/440 996 $6245$aCommento al Cantico dei Cantici / $9(OLS)http://pul/title/207441 996 $6264$aRoma :$bCittà Nuova$9(OLS)http://pul/publisher/47927 996 $6264$a[S.l.] :$b[s.n.]$9(OLS)http://pul/publisher/0